| 000 | 00519nam a2200205Ia 4500 | ||
|---|---|---|---|
| 003 | 0100 | ||
| 008 | 130227s9999 xx 000 0 und d | ||
| 040 | _cARRUPELIB | ||
| 050 | _aBD241.H374 | ||
| 245 | 4 | _aThe hermeneutics reader | |
| 245 | _btexts of the German tradition from the enlightenment to the present | ||
| 260 | _aNew York | ||
| 260 | _bContinuum | ||
| 260 | _C1985 | ||
| 300 | _a380p. | ||
| 300 | _b 23 cm | ||
| 650 | _bRisinghill school | ||
| 700 | _aMueller-Vollmer, Kurt (ed.) | ||
| 942 |
_2lcc _01 |
||
| 999 |
_c264 _d264 |
||